La guerra fría chilena: Gabriel González Videla y la Ley Maldita
Uloženo v:
| Hlavní autor: | |
|---|---|
| Médium: | Kniha |
| Jazyk: | španělština |
| Vydáno: |
Santiago
Random House Mondadori
2009
|
| Vydání: | 1a. ed |
| Témata: | |
| Tagy: |
Přidat tag
Žádné tagy, Buďte první, kdo vytvoří štítek k tomuto záznamu!
|
MARC
| LEADER | 00000nam a2200000 a 4500 | ||
|---|---|---|---|
| 001 | UCH2456 | ||
| 003 | CL-VaPUC | ||
| 008 | 090611e20090500CL |||||||||||||||||spa|d | ||
| 020 | |a 9789568410261 | ||
| 082 | 0 | 4 | |a 983.0643 |b HUN |2 21 |
| 100 | |a Huneeus Madge, Carlos |e autor |9 578920 | ||
| 245 | 1 | 3 | |a La guerra fría chilena: Gabriel González Videla y la Ley Maldita |
| 250 | |a 1a. ed | ||
| 300 | |a 404 p | ||
| 942 | |c BK | ||
| 945 | |d 20090611 00:00:00 |a dcastane | ||
| 260 | |a Santiago |b Random House Mondadori |c 2009 | ||
| 650 | 0 | |a Historia de Chile |9 265473 | |
| 650 | 7 | |a DEMOCRACIA CRISTIANA |2 CL-VaPUC |9 336874 | |
| 650 | 0 | |a Partido comunista |9 340375 | |
| 650 | 7 | |a LEY MALDITA |2 CL-VaPUC |9 537288 | |
| 650 | 0 | |a Votaciones |9 460213 | |
| 650 | 7 | |a ELECCIONES 1947 |2 CL-VaPUC |9 537289 | |
| 651 | 7 | |a CHILE |2 CL-VaPUC |9 537290 | |
| 583 | |a last modification |c 20090611 00:00:00 |k Rodrigo Vera | ||
| 999 | |c 334196 |d 334194 | ||
| 952 | |0 0 |1 0 |4 0 |6 983_064300000000000_HUN_2009 |7 0 |8 A |9 423036 |a BIBHIS |b BIBHIS |d 2019-11-22 |i 4560590 |o 983.0643 HUN 2009 |p 4560590 |r 2025-01-20 |w 2019-11-22 |y BK |k HIS | ||
| 952 | |0 0 |1 0 |4 0 |6 983_064300000000000_HUN_2009 |7 0 |8 A |9 423037 |a BIBHIS |b BIBHIS |d 2019-11-22 |i 4568397 |o 983.0643 HUN 2009 |p 4568397 |r 2025-01-20 |w 2019-11-22 |y BK |k HIS | ||
| 952 | |0 0 |1 0 |4 0 |6 983_064300000000000_HUN_2009 |7 0 |8 A |9 423038 |a BIBHIS |b BIBHIS |d 2019-11-22 |i 4579259 |l 2 |o 983.0643 HUN 2009 |p 4579259 |r 2025-03-20 |s 2025-03-20 |w 2019-11-22 |y BK |k HIS | ||
| 952 | |0 0 |1 0 |4 0 |6 983_064300000000000_HUN_2009 |7 0 |8 A |9 423039 |a BIBHIS |b BIBHIS |d 2019-11-22 |i 458936K |o 983.0643 HUN 2009 |p 458936K |r 2019-11-22 |w 2019-11-22 |y BK |k HIS | ||
| 952 | |0 0 |1 0 |4 0 |6 983_064300000000000_HUN_2009 |7 0 |8 A |9 423040 |a BIBHIS |b BIBHIS |d 2019-11-22 |i 4689275 |o 983.0643 HUN 2009 |p 4689275 |r 2025-01-20 |w 2019-11-22 |y BK |k HIS | ||